000 00891cam a2200229 4500
001 WS110958
008 000000n 000 0 eng u
035 _a(Sirsi) u110958
110 _aFinancial Services Authority
_94032
245 _aFinancial Services Authority
520 _aSite for this organisation which regulates the financial services industry. Includes pages of consumer information, their handbook of rules and guidance and a register of authorised firms.
650 _aFINANCIAL SERVICES AND MARKETS ACT 2000
650 _aFINANCIAL SERVICES ACT 1986
650 0 _aBANKING ACT 1987
650 _aMONEY LAUNDERING
650 0 _aAUTHORISED FIRMS
650 _aGOVERNMENT
650 _aFINANCIAL REGULATION
690 _aPROPERTY-PROPERTY FINANCE AND INVESTMENT
856 4 0 _uhttps://www.fsa.gov.uk
_zView the website free of charge at www.fsa.gov.uk...
942 _n0
999 _c119784
_d119784